Concursos mercantiles : normatividad /

Análisis y evaluación multidisciplinar del marco normativo de la insolvencia de los comerciantes, que aparece en la Ley de Concursos Mercantiles tanto desde la perspectiva teórica como desde la práctica. Incluye diversos documentos producidos durante el trabajo legislativo que esa ley motivó y que r...

Descrizione completa

Salvato in:
Dettagli Bibliografici
Ente Autore: México
Altri autori: Méjan Carrer, Luis Manuel C. (presentación) (presentación)
Natura: Libro
Lingua:spagnolo
Pubblicazione: México : Poder Judicial de la Federación, 2001, c2001
Soggetti:
Tags: Aggiungi Tag
Nessun Tag, puoi essere il primo ad aggiungerne!!

MARC

LEADER 00000nam^a2200000^a^4500
001 000131356
005 20250521000000.0
009 20260526123627.322
020 |a 970-710-089-4 
037 |a Acervo ITESO - Biblioteca 
041 |a ESP 
082 |a 346. 720729  |b MEX 2001 
110 |a México 
240 1 1 |a [Ley de Concursos Mercantiles] 
245 1 0 |a Concursos mercantiles :  |b normatividad /  |c Presen. de L.M.C. Méjan Carrer. 
264 4 |a México :  |b Poder Judicial de la Federación,  |c 2001, c2001 
300 |a 236 p. 
336 |a texto  |b txt  |2 rdacontenido 
337 |a sin mediación  |b n  |2 rdamedio 
338 |a volumen  |b nc  |2 rdasoporte 
520 |a Análisis y evaluación multidisciplinar del marco normativo de la insolvencia de los comerciantes, que aparece en la Ley de Concursos Mercantiles tanto desde la perspectiva teórica como desde la práctica. Incluye diversos documentos producidos durante el trabajo legislativo que esa ley motivó y que resultan de gran utilidad para comprender e interpretar dicha ley y las disposiciones de carácter general emitidas por el Instituto Federal de Especialistas de Concursos Mercantiles en ejercicio de sus atribuciones: los criterios de selección y actualización de especialistas y las reglas ordenadas por la Ley de Concursos. Mercantiles. 
649 |a XX 
650 |a Concurso (Derecho) -  |z México 
650 |a Crédito -  |z México -  |x Leyes y Reglamentos 
650 |a Fraude -  |z México -  |x Leyes y Reglamentos 
650 |a Delitos Económicos -  |z México -  |x Leyes y Reglamentos 
650 |a Derecho Mercantil -  |z México -  |x Leyes y Reglamentos 
650 |a Derecho Civil -  |z México -  |x Leyes y Reglamentos 
650 |a Derecho Privado -  |z México 
700 |a Méjan Carrer, Luis Manuel C.  |e (presentación) 
910 |a Fondo General 
920 |a Impresos - Libros 
930 |a Colección General 
905 |a 101 
901 |a 0500061451  |b IT1  |c ACC  |u 20250521 
902 |a https://opac.biblio.iteso.mx/vufind/Record/000131356